[Event "Ruhrgebiet VK2 0708"]
[Site "Germany"]
[Date "2007.11.18"]
[Round "3.5"]
[White "Salzmann, Juergen"]
[Black "Prasser, Peter"]
[Result "1/2-1/2"]
[WhiteElo "2130"]
[BlackElo "1718"]
[PlyCount "116"]
[EventDate "2007.09.16"]
[EventType "team-tourn"]
[EventRounds "9"]
[EventCountry "GER"]
[SourceTitle "EXT 2009"]
[Source "ChessBase"]
[SourceDate "2008.11.26"]
[SourceVersion "1"]
[SourceVersionDate "2008.11.26"]
[SourceQuality "1"]
[WhiteTeam "Mengede SG"]
[BlackTeam "Altenessen II"]
[WhiteTeamCountry "GER"]
[BlackTeamCountry "GER"]

1. e4 c5 2. Nf3 Nc6 3. d4 cxd4 4. Nxd4 Nf6 5. Nc3 e6 6. Ndb5 d6 7. Bf4 e5 8. Bg5 Be7 9. Bxf6 gxf6 10. Nd5 0-0 11. Nxe7+ Nxe7 12. Qxd6 Qxd6 13. Nxd6 Nc6 14. Nxc8 Raxc8 15. c3 Na5 16. f3 Rfd8 17. Rd1 Kf8 18. Be2 Rxd1+ 19. Kxd1 Ke7 20. Kc1 Nc6 21. Rd1 Nd8 22. g3 Rc7 23. Rd5 Ne6 24. Kd2 Nc5 25. Kc1 Ne6 26. Kd2 Nc5 27. Bd1 h6 28. b4 Ne6 29. Bb3 Ng5 30. Rd3 Nh3 31. Ke3 Ng5 32. h4 Ne6 33. f4 Ng7 34. Kf3 Ne8 35. Bd5 Kf8 36. g4 b5 37. g5 fxg5 38. hxg5 hxg5 39. fxg5 Kg7 40. Kg4 Nd6 41. Rf3 Ne8 42. Rxf7+ Rxf7 43. Bxf7 Kxf7 44. Kf5 Ng7+ 45. Kxe5 Kg6 46. Kd5 Kxg5 47. Kc5 Kf4 48. Kxb5 Kxe4 49. Ka6 Kd5 50. Kxa7 Kc6 51. a4 Ne6 52. b5+ Kc5 53. b6 Nd8 54. b7 Nc6+ 55. Ka8 Kb6 56. c4 Ka5 57. c5 Kxa4 58. b8Q Nxb8 1/2-1/2

[Event "Ruhrgebiet VK1 0001"]
[Site "Ruhrgebiet"]
[Date "2001.04.22"]
[Round "8"]
[White "Prasser, Peter"]
[Black "Koch, Hans Georg"]
[Result "0-1"]
[WhiteElo "1686"]
[BlackElo "1878"]
[PlyCount "104"]
[EventDate "2000.09.17"]
[EventType "team-tourn"]
[EventRounds "9"]
[EventCountry "GER"]
[SourceTitle "EXT 2023"]
[Source "ChessBase"]
[SourceDate "2022.10.05"]
[SourceVersion "1"]
[SourceVersionDate "2022.10.05"]
[SourceQuality "1"]
[WhiteTeam "Essen Rot Weiss"]
[BlackTeam "Oberhausen II"]
[WhiteTeamCountry "GER"]
[BlackTeamCountry "GER"]

1. d4 Nf6 2. c4 e6 3. Nc3 d5 4. Bg5 h6 5. Bh4 Bb4 6. Nf3 g5 7. Bg3 Ne4 8. Qc2 Nc6 9. e3 Bd7 10. Bd3 f5 11. a3 Bxc3+ 12. bxc3 Nxg3 13. hxg3 Qf6 14. cxd5 exd5 15. Qb3 g4 16. Nd2 Qd6 17. c4 Na5 18. Qb2 dxc4 19. Bxc4 Rh7 20. Qc3 b6 21. Rc1 Bc6 22. Bg8 Re7 23. 0-0 0-0-0 24. Bc4 Bb7 25. Rfd1 h5 26. Qd3 Qf6 27. Ba6 Kb8 28. Bxb7 Kxb7 29. Nc4 Nxc4 30. Qxc4 h4 31. a4 a5 32. gxh4 Qxh4 33. Qc6+ Ka7 34. g3 Qh7 35. Qg2 Rh8 36. Rc6 Qh3 37. Rdc1 Qxg2+ 38. Kxg2 Kb7 39. R1c2 Rf8 40. Kf1 Rd8 41. Rf6 Rd5 42. Rcc6 Red7 43. Rc1 R7d6 44. Rf7 Rc6 45. Rxc6 Kxc6 46. Ke2 b5 47. Rf6+ Kb7 48. Kd3 bxa4 49. Kc4 c6 50. Rf7+ Kb6 51. Rf8 Rb5 52. Kc3 a3 0-1